Geography Quiz

Random Geography or City Quiz

20 Largest Cipriot Cities Quiz Stats

 Plays Quiz not verified by Sporcle

Score 0/20 Timer 05:00
0 Plays Today
% Correct
Nicosia
98%
Limassol
87.9%
Larnaca
84.8%
Paphos
81.8%
Famagusta
76.8%
Kyrenia
52.5%
Stróvolos
44.4%
Mórfou
39.4%
Paralímni
34.3%
Lakatámeia
29.3%
% Correct
Aradíppou
29.3%
Latsiá
27.3%
Aglantziá
26.3%
Káto Polemídia
25.3%
Germasógeia
22.2%
Mésa Geitoniá
21.2%
Ágios Athanásios
21.2%
Ágios Dométios
21.2%
Gönyeli
18.2%
Énkomi
17.2%

You're not logged in!

Compare scores with friends on all Sporcle quizzes.
OR
Log In

You Might Also Like...

Show Comments

Extras

Created Aug 3, 2017ReportNominate
Tags:City Quiz, Europe Quiz, cyprus, map

Top Quizzes Today


Score Distribution

Your Account Isn't Verified!

In order to create a playlist on Sporcle, you need to verify the email address you used during registration. Go to your Sporcle Settings to finish the process.

Report this User

Report this user for behavior that violates our Community Guidelines.

Details: